Online
Catalog

Teatro selecto de Antonio Buero Vallejo / (Record no. 24166)

MARC details
000 -CABECERA
campo de control de longitud fija 00849nam a2200217 a 4500
001 - NÚMERO DE CONTROL
campo de control 000024673
005 - FECHA Y HORA DE LA ÚLTIMA TRANSACCIÓN
campo de control 20200930023313.0
008 - DATOS DE LONGITUD FIJA--INFORMACIÓN GENERAL
campo de control de longitud fija 110202s1966 sp ag r 000 d spa d
040 ## - FUENTE DE LA CATALOGACIÓN
Centro catalogador/agencia de origen DO-SdBNP
Lengua de catalogación spa
Centro/agencia transcriptor BNPHU
082 ## - NÚMERO DE LA CLASIFICACIÓN DECIMAL DEWEY
Número de clasificación 862.6
Número de documento/Ítem B928t
049 ## - FONDOS LOCALES (OCLC)
Fondos de biblioteca BNGR
100 1# - ENTRADA PRINCIPAL--NOMBRE DE PERSONA
Nombre de persona Buero Vallejo, Antonio,
Fechas asociadas al nombre 1916-2000
9 (RLIN) 17657
245 10 - MENCIÓN DE TÍTULO
Título Teatro selecto de Antonio Buero Vallejo /
Mención de responsabilidad, etc. Antonio Buero Vallejo; prólogo Luce Moreau-Arrabal.
260 ## - PUBLICACIÓN, DISTRIBUCIÓN, ETC.
Lugar de publicación, distribución, etc. Madrid, (España) :
Nombre del editor, distribuidor, etc. Escelicer,
Fecha de publicación, distribución, etc. 1966.
300 ## - DESCRIPCIÓN FÍSICA
Extensión 612 p. :
Otras características físicas il., música ;
Dimensiones 18 cm.
500 ## - NOTA GENERAL
Nota general Historia de una escalera ; Las cartas boca abajo ; Un soñador para un pueblo ; Las Meninas ; El concierto de San Ovidio.
600 14 - PUNTO DE ACCESO ADICIONAL DE MATERIA--NOMBRE DE PERSONA
Nombre de persona BUERO VALLEJO, ANTONIO,
Fechas asociadas al nombre 1916-2000
9 (RLIN) 17657
650 #4 - PUNTO DE ACCESO ADICIONAL DE MATERIA--TÉRMINO DE MATERIA
Término de materia o nombre geográfico como elemento de entrada Teatro español
9 (RLIN) 3071
650 #4 - PUNTO DE ACCESO ADICIONAL DE MATERIA--TÉRMINO DE MATERIA
Término de materia o nombre geográfico como elemento de entrada Literatura español
9 (RLIN) 21904
700 1# - PUNTO DE ACCESO ADICIONAL--NOMBRE DE PERSONA
Nombre de persona Moreau-Arrabal, Luce
Término indicativo de función/relación pról.
9 (RLIN) 50594
Holdings
Estado de retiro Estado de pérdida Restricciones de uso No para préstamo Código de colección Localización permanente Ubicación/localización actual Ubicación en estantería Fecha de adquisición Número de inventario Total de préstamos Signatura topográfica completa Código de barras Fecha visto por última vez Precio válido a partir de Tipo de ítem Koha
        Monografías: Libros y Folletos General General En catalogación 02.02.2011 LF1   862.6 B928t 24673-10 25.06.2020 25.06.2020 Préstamo en sala

Powered by Koha